[Event "Nuremberg Zabo op 04th"]
[Site "Nuremberg"]
[Date "2002.09.29"]
[Round "4"]
[White "Kipfmueller, Frank"]
[Black "Runge, Arthur"]
[Result "1-0"]
[WhiteElo "1409"]
[BlackElo "1191"]
[PlyCount "77"]
[EventDate "2002.09.27"]
[EventType "swiss"]
[EventRounds "5"]
[EventCountry "GER"]
[SourceTitle "EXT 2003"]
[Source "ChessBase"]
[SourceDate "2002.11.25"]
[SourceVersion "1"]
[SourceVersionDate "2002.11.25"]
[SourceQuality "1"]

1. d4 d5 2. c4 Nf6 3. Nc3 Nc6 4. Nf3 Bg4 5. e3 e5 6. dxe5 Nxe5 7. cxd5 Qd6 8. Qa4+ Bd7 9. Nb5 Nxf3+ 10. gxf3 Qc5 11. Qb3 0-0-0 12. e4 a6 13. Be3 Qb4+ 14. Qxb4 Bxb4+ 15. Nc3 Rhe8 16. Rg1 g6 17. Bg5 Be7 18. Rc1 Kb8 19. Bf4 Nh5 20. Be3 Bd6 21. h4 Rc8 22. Ke2 Nf4+ 23. Kd2 f5 24. Bd3 Re5 25. Bxf4 fxe4 26. Bxe5 Bxe5 27. fxe4 Bf4+ 28. Ke2 Bxc1 29. Rxc1 Re8 30. Ke3 Re5 31. Be2 h5 32. f4 Re7 33. e5 Bf5 34. Bd3 Kc8 35. Bxf5+ gxf5 36. Rg1 Kd7 37. Rg5 b5 38. Rxf5 Rg7 39. Rg5 1-0